02721nam a2200289 a 4500003000900000005001700009007000300026008004100029020002300070020002300093020002300116040002500139082001500164245016500179260004500344300004900389505091400438505055501352505020601907650006102113651004202174651006602216651005802282700002902340700002802369700003402397DO-SdBNP20220711110124.0ta220711e2011 dr adocgre||| 00| 0 spa d a9789945452402, v.1 a9789945452501, v.2 a9789945452518, v.3 aDO-SdBNPbspacBNPHU 4222bG2161e13aLa enciclopedia total del béisbol invernal dominicano. /cFélix García Estrella; Prólogo, Felipe Payano; Fotografía, Carlos Alonzo, Manolito Jiménez a[Santo Domingo] : bNuevo Diario, c2011 a3 v.bil., fotogrf., gráf., retr. c27 cm.0 av.1tIntroducción.--tEl autor.--tPrólogo.--tAgradecimiento.--t1. La pre- historia del béisbol.--t2. Historia de los equipos.--t3. Del "Macuto a los Millones".--t4. Los intelectuales y el béisbol dominicano.--t5. La Crónica deportiva y el béisbol. Un matrimonio sin divorcio.--t6. La promoción comercial y el béisbol.--t7. Los estadios tienen su historia.--t8. Campeonatos de la ciudad de Santo Domingo o "City Champ"t9. La Liga dominicana del Béisbol profesional.--t10. El "Mercado Negro" también tiene su historia.--t11. Incidentes de nuestro béisbol.--t12. La expansión del béisbol profesional dominicano.--t13. Juegos Estrellas.--t14. Juegos interligas.--t15. Serie del Caribe y la calidad del béisbol dominicano.--t16. Resumen totoal de todos los torneos realizados en el país.--t17. Draft.--t18. Premiaciones deportivas.--t19. Efemérides.--tCambios.0 av.2tPresentación.--t1. Líderes en juegos de apertura.--t2. Estadísticas ofensivas individuales.--t3. Estadísticas ofensivas colectivas.--t4. Estadísticas individuales de pitcheo.--t5. Estadísticas colectivas de pitcheo.--t6. Estadísticas defensivas individuales.--t7. Estadísticas defensivas colectivas.--t8. Misceláneos.--t9. Maneger.--t10. Series del Caribe.--t11. Sorteo de jugadores (DRAFT).--t12. Juegos interligas.--t13. Premiaciones.--t14. Apéndice (Los records).--t15. Índice alfabético de jugadores.0 av.3tCapítulo 1t1. Refuerzos del béisbol dominicano distinguidos en Grandes Ligas.--tCapítulo 2tRecords sagrado del Béisbol Invernal dominicano.--tEstadísticas individuales bateadores.-- 4aJugadores de BéisbolxHistoriazRepública Dominicana 4aRepública DominicanavEnciclopedias 4aRepública DominicanavEnciclopediasxHistoria del Béisbol 4aRepública DominicanavEnciclopediasxEstadísticas1 aPayano, Felipe,epról.1 aAlozo, Carlos,efotogr.1 aJiménez, Manolito,efotogr.